000 00636nam a22001817a 4500
003 UA-OsUOA
001 13693
007 ta
008 20030616b un ||||| |||| 00| 0 ukr d
100 _aКічатий Ю.
942 _cSA
040 _aUA-OsUOA
_cUA-OsUOA
_dUA-OsUOA
245 _aСтати заступником не сподівався
_b[Розмова з заст. голови Рівнен. облдержадміністрації Ю.Кічатим]/ Розмовляв Бурченя В.
300 _aС.7
955 _a0
773 0 _w0
_tОго
_dРівне
_d2003
_g№85/15 трав./
650 7 _aКічатий Ю.
_2UDC
999 _c299854
_d299854